000 00583nam a22002177a 4500
003 OSt
005 20180418173754.0
008 150320b xxu||||| |||| 00| 0 eng d
020 _a0750653299
040 _cDNLM
082 _aWB460 P569s 2004
100 _aFrench, Sally; Sim, Julius
_92276
245 _aPhysiotherapy: a psychosocial approach
250 _a3rd ed.
260 _aEdinburgh;
_bElsevier,
_c2004
300 _bvii,376p;ill:
_c25cm
504 _aReferences @ index included
650 _aPhysiotherapy
_91959
650 _aPsychosocial
_912597
942 _2z
_cO_SHELF
999 _c1189
_d1189